Statistics for Nations With Limited Recognition

Click here to take the quiz!

General Stats

  • This quiz has been taken 41 times
  • The average score is 9 of 15

Answer Stats

HintAnswer% Correct
large nation in east Asiachina
84%
island in east AsiaTaiwan
84%
nation in what use to be Yugoslaviakosovo
81%
one of 2 nations on a pennisulanorth korea
81%
UN observer statepalestine
78%
other nation on the same pennisulasouth korea
78%
state with a white star on its flagisrael
65%
African nation claiming independence from Somaliasomaliland
57%
declared independence from Georgia in 1997south ossetia
54%
not recognized by only 1 UN memberarmenia
43%
recognized as part of Azerbijannagorno karabakh
41%
only recognized by one UN membernorthern cyprus
41%
not recognized by only 1 UN membercyprus
30%
nation between Moldova and Ukrainetransnistria
24%
west African nation supported by Algeriasahrawi
19%

Score Distribution

Percentile by Number Answered

Percent of People with Each Score

Your Score History

You have not taken this quiz